Premier League Player of the Month Winners - Statistics

General Stats
  • This quiz has been taken 2,228 times
    466 since last reset
  • The average score is 66 of 173
Answer Stats
Player % Correct
Mohamed Salah
97%
Erling Haaland
92%
Harry Kane
90%
Bruno Fernandes
89%
Heung-min Son
88%
Son Heung-min
88%
Cole Palmer
87%
Alexander Isak
84%
Virgil van Dijk
84%
Cristiano Ronaldo
82%
Jamie Vardy
81%
Sadio Mané
81%
Bukayo Saka
76%
Sergio Agüero
76%
Thierry Henry
76%
Dele Alli
75%
Marcus Rashford
73%
Alan Shearer
72%
Chris Wood
72%
Demba Ba
72%
Frank Lampard
72%
Wayne Rooney
72%
Steven Gerrard
71%
Andy Cole
70%
Joe Cole
69%
Alexis Mac Allister
68%
David Silva
67%
Paul Scholes
66%
Trent Alexander-Arnold
66%
Gary McAllister
65%
Eden Hazard
63%
Ryan Giggs
63%
Anton Ferdinand
62%
Martin Ødegaard
62%
Rio Ferdinand
62%
Dennis Bergkamp
61%
Harry Maguire
61%
Raheem Sterling
61%
Robin van Persie
61%
John Terry
59%
Luis Suárez
59%
Pierre-Emerick Aubameyang
57%
Robbie Keane
57%
Roy Keane
57%
James Maddison
55%
Michael Owen
55%
Romelu Lukaku
55%
David Beckham
53%
Diogo Jota
53%
Dwight Yorke
52%
Nemanja Vidić
52%
Ruud van Nistelrooy
52%
David de Gea
51%
Diego Costa
51%
Gareth Bale
51%
Robert Pires
51%
Teddy Sheringham
51%
Eric Cantona
50%
Fernando Torres
50%
Carlos Tevez
49%
Dominic Solanke
48%
Jermain Defoe
48%
Teemu Pukki
48%
Dimitar Berbatov
47%
İlkay Gündoğan
47%
Justin Kluivert
47%
Petr Čech
47%
Michail Antonio
45%
Nicolas Anelka
45%
Robbie Fowler
45%
Wilfried Zaha
45%
Zlatan Ibrahimović
44%
Cesc Fàbregas
43%
Kevin Campbell
43%
Leroy Sané
43%
Ian Wright
41%
Daniel Sturridge
40%
Darren Bent
40%
Dominic Calvert-Lewin
40%
Marcus Bent
40%
Rasmus Højlund
40%
Adam Johnson
39%
Andrew Johnson
39%
Olivier Giroud
39%
Anthony Martial
38%
Matt Le Tissier
38%
Alan Smith
36%
Edin Džeko
36%
Kevin Phillips
36%
Freddie Ljungberg
35%
David Seaman
32%
Gianfranco Zola
32%
Juan Mata
32%
Lucas Moura
32%
Joël Matip
29%
Chris Sutton
28%
Jesse Lingard
28%
Louis Saha
28%
Rodrigo Muniz
28%
Aaron Ramsey
27%
Emmanuel Petit
27%
Samir Nasri
27%
Christian Benteke
26%
Ashley Young
25%
Arjen Robben
24%
Florent Malouda
24%
Miguel Almirón
24%
Danny Murphy
23%
David Luiz
23%
Gylfi Sigurðsson
23%
Jan Vertonghen
23%
David Ginola
22%
Dion Dublin
22%
Graziano Pellè
22%
Steve McManaman
22%
Andrey Arshavin
21%
Ledley King
21%
Duncan Ferguson
20%
Jay-Jay Okocha
20%
Marouane Fellaini
20%
Gabriel Agbonlahor
19%
Paul Robinson
19%
Joe Willock
18%
José Antonio Reyes
18%
Jürgen Klinsmann
18%
Micah Richards
18%
Paul Ince
18%
Scott Parker
18%
Sylvain Wiltord
18%
Juan Sebastián Verón
17%
Sami Hyypiä
17%
Kevin Davies
16%
Ray Parlour
16%
Steven Fletcher
16%
Charlie Austin
15%
Kelechi Iheanacho
15%
Odion Ighalo
15%
Rafael van der Vaart
15%
Deco
14%
Juninho
14%
Kevin Nolan
14%
André Ayew
13%
Andrei Kanchelskis
12%
James Beattie
12%
Rob Lee
12%
Fraser Forster
11%
Phil Jagielka
11%
Stan Collymore
11%
Paul Merson
10%
Tony Yeboah
10%
Diafra Sakho
9%
Gareth Southgate
9%
Jimmy Bullard
9%
Peter Odemwingie
9%
Chris Waddle
8%
Edu
8%
Mickey Evans
8%
Roque Santa Cruz
8%
Tim Flowers
8%
Trevor Sinclair
8%
Nikica Jelavić
7%
Patrik Berger
7%
Tim Krul
7%
Adam Le Fondre
6%
Muzzy Izzet
6%
Johan Elmander
5%
Mikael Forssell
5%
Paulo Wanchope
5%
Stuart Pearce
5%
Connor Wickham
4%
Mark Schwarzer
4%
Robbie Earle
4%
Alex Manninger
3%
No matching quizzes found
Score Distribution
Percent of People with Each Score
Percentile by Number Answered
Your Score History
You have not taken this quiz since the last reset